[Event "2BLW 1920 SG Solingen II - SC Hansa Dor"]
[Site "?"]
[Date "2019.11.24"]
[Round "3.5"]
[White "Scholz, Christian"]
[Black "Schlecht, Daniel"]
[Result "1/2-1/2"]
[WhiteElo "2376"]
[BlackElo "2362"]
[PlyCount "87"]
[EventDate "2019.??.??"]

1. d4 d5 2. c4 c6 3. Nc3 Nf6 4. e3 e6 5. Nf3 Nbd7 6. Qc2 Be7 7. Be2 b6 8. O-O
Bb7 9. e4 dxe4 10. Nxe4 c5 11. Nxf6+ Nxf6 12. dxc5 Bxc5 13. b4 Be7 14. Bb2 O-O
15. Ng5 h6 16. Rfd1 Qc7 17. Bxf6 hxg5 18. Qb2 Bd6 19. Bxg7 Bxh2+ 20. Kh1 f6 21.
Bxf8 Rxf8 22. Qc2 Kg7 23. Qd3 Be5 24. Qd7+ Rf7 25. Qxc7 Rxc7 26. Rac1 f5 27.
Rd8 g4 28. Kg1 Bf6 29. Rd6 Kf7 30. Rcd1 Bc8 31. g3 Be7 32. R6d2 Bxb4 33. Rd8
Be7 34. R8d2 Bb4 35. Rb2 Bc5 36. Kg2 Bb7+ 37. f3 e5 38. Rbd2 Bd4 39. Rh1 Kg6
40. Rc2 Bd5 41. Rhc1 Bc6 42. Rh1 Bd5 43. Rhc1 Bc6 44. Rh1 1/2-1/2

[Event "2BLW 1920 SG Solingen II - SC Hansa Dor"]
[Site "?"]
[Date "2019.11.24"]
[Round "3.6"]
[White "Schaefer, Markus"]
[Black "Kalka, Arkadius Georg"]
[Result "1/2-1/2"]
[WhiteElo "2374"]
[BlackElo "2343"]
[PlyCount "90"]
[EventDate "2019.??.??"]

1. e4 c5 2. Nf3 Nc6 3. d4 cxd4 4. Nxd4 g6 5. c4 Nf6 6. Nc3 Nxd4 7. Qxd4 d6 8.
Bg5 Bg7 9. Qd2 O-O 10. Bd3 Be6 11. O-O Rc8 12. b3 Qa5 13. Rac1 Rfe8 14. h3 Nd7
15. Be3 Nc5 16. Bb1 a6 17. Bd4 Bxd4 18. Qxd4 b5 19. cxb5 Bxb3 20. bxa6 Be6 21.
Nd5 Qxa6 22. e5 Bxd5 23. Qxd5 Ne6 24. Rxc8 Rxc8 25. exd6 Nf4 26. Qd2 Ne2+ 27.
Kh2 Qxd6+ 28. Qxd6 exd6 29. Bd3 Nc3 30. Rc1 Rc5 31. Rc2 d5 32. Kg1 Kf8 33. Kf1
Ke7 34. Ke1 Kd6 35. a3 Ke5 36. Rb2 Ra5 37. Rb3 Kd4 38. Kd2 Ne4+ 39. Bxe4 dxe4
40. Rb4+ Ke5 41. a4 Rd5+ 42. Ke2 Rd3 43. Rb5+ Ke6 44. Rb6+ Ke5 45. Rb5+ Ke6
1/2-1/2

[Event "2BLW 1920 SG Solingen II - SC Hansa Dor"]
[Site "?"]
[Date "2019.11.24"]
[Round "3.7"]
[White "Kotter, Ralf"]
[Black "Hobusch, Jan"]
[Result "1-0"]
[WhiteElo "2329"]
[BlackElo "2231"]
[PlyCount "59"]
[EventDate "2019.??.??"]

1. e4 c6 2. d4 d5 3. e5 c5 4. dxc5 e6 5. Nf3 Bxc5 6. Bd3 Nc6 7. O-O f6 8. Bb5
Nge7 9. b4 Bxb4 10. exf6 gxf6 11. Nd4 Bd7 12. Nxc6 bxc6 13. Bd3 Kf7 14. Qh5+
Ng6 15. Nd2 e5 16. c4 Bd6 17. cxd5 cxd5 18. Nf3 Qc8 19. Nh4 Qg8 20. Rb1 Rb8 21.
Bd2 Ke8 22. Rxb8+ Bxb8 23. Rb1 Bc7 24. Rb7 Kd8 25. Rxa7 Bc6 26. Nf5 Nf4 27.
Bxf4 exf4 28. Nd4 Qe8 29. Qxe8+ Bxe8 30. Ne6+ 1-0

[Event "2BLW 1920 SG Solingen II - SC Hansa Dor"]
[Site "?"]
[Date "2019.11.24"]
[Round "3.8"]
[White "Berg, Michael"]
[Black "Christensen, Niels"]
[Result "1/2-1/2"]
[WhiteElo "2309"]
[BlackElo "2282"]
[PlyCount "110"]
[EventDate "2019.??.??"]

1. d4 d5 2. c4 c6 3. Nf3 Nf6 4. Qb3 dxc4 5. Qxc4 Bf5 6. g3 e6 7. Bg2 Be7 8. O-O
O-O 9. Rd1 Na6 10. Bg5 h6 11. Bxf6 Bxf6 12. Nc3 Qb6 13. e4 Bg4 14. Rab1 Rfd8
15. e5 Be7 16. b4 Rac8 17. a3 Nc7 18. Na4 Qb5 19. Qb3 Qd5 20. Qe3 Nb5 21. h3
Bxf3 22. Bxf3 Bg5 23. Bxd5 Bxe3 24. Bxe6 Bxf2+ 25. Kxf2 fxe6 26. Ke3 Nxa3 27.
Rb3 Nc4+ 28. Ke4 Kf7 29. Rc1 Nb6 30. Nc5 Rb8 31. Rf3+ Ke7 32. Rcf1 Rf8 33. Rxf8
Rxf8 34. Rxf8 Kxf8 35. Nxe6+ Kf7 36. Nd8+ Ke7 37. Nxb7 Nd5 38. Kd3 Nxb4+ 39.
Kc4 Na6 40. Na5 Kd7 41. Nb7 Nc7 42. Nc5+ Ke7 43. Kb4 h5 44. Ka5 g5 45. Kb4 h4
46. gxh4 gxh4 47. Kc4 Nd5 48. Nd3 Kd7 49. Kc5 a5 50. Ne1 Nf4 51. Nf3 Nxh3 52.
Nxh4 Nf4 53. Nf3 a4 54. Kb4 Ke6 55. Kxa4 Ne2 1/2-1/2

[Event "2BLW 1920 SC Remagen Sinzig - TSV Schot"]
[Site "?"]
[Date "2019.11.24"]
[Round "3.1"]
[White "Lobron, Eric"]
[Black "Dgebuadze, Alexandre"]
[Result "1/2-1/2"]
[WhiteElo "2501"]
[BlackElo "2484"]
[PlyCount "78"]
[EventDate "2019.??.??"]

1. Nf3 Nf6 2. c4 e6 3. e3 b6 4. b3 Bb7 5. Bb2 Nc6 6. Nc3 Bb4 7. Qc2 Bxc3 8.
Bxc3 Qe7 9. Be2 Nb4 10. Qb2 Be4 11. O-O Nd3 12. Bxf6 Qxf6 13. Qc2 Qg6 14. Qc3
d6 15. Nh4 Qh6 16. f3 Nc5 17. g3 Bb7 18. d4 Nd7 19. e4 Qf6 20. Qe3 O-O 21. f4
c5 22. Rad1 Rad8 23. Nf3 Qe7 24. Rfe1 Rfe8 25. Bf1 Nf6 26. e5 Ng4 27. Qe2 dxe5
28. dxe5 Nh6 29. Bh3 Nf5 30. Bxf5 exf5 31. Rxd8 Rxd8 32. Rd1 h6 33. Kf2 Rd7 34.
h4 Qd8 35. Rxd7 Qxd7 36. Qd2 Qc6 37. Qd3 Qxf3+ 38. Qxf3 Bxf3 39. Kxf3 h5
1/2-1/2

[Event "2BLW 1920 SC Remagen Sinzig - TSV Schot"]
[Site "?"]
[Date "2019.11.24"]
[Round "3.2"]
[White "Popovic, Petar"]
[Black "Krivonosov, Oleg"]
[Result "1/2-1/2"]
[WhiteElo "2427"]
[BlackElo "2404"]
[PlyCount "29"]
[EventDate "2019.??.??"]

1. g3 d5 2. Bg2 Nf6 3. Nf3 e6 4. O-O Be7 5. c4 O-O 6. cxd5 exd5 7. d4 c6 8. Nc3
Bf5 9. Nh4 Be6 10. Qc2 Re8 11. Nf3 g6 12. Bf4 Nbd7 13. h3 Bf5 14. Qc1 Ne4 15.
Nd2 {(=)} 1/2-1/2

[Event "2BLW 1920 SC Remagen Sinzig - TSV Schot"]
[Site "?"]
[Date "2019.11.24"]
[Round "3.3"]
[White "Balcerak, Jakob"]
[Black "Cioara, Andrei-Nestor"]
[Result "1-0"]
[WhiteElo "2472"]
[BlackElo "2421"]
[PlyCount "61"]
[EventDate "2019.??.??"]

1. d4 Nf6 2. c4 e6 3. Nf3 b6 4. g3 Ba6 5. b3 Bb7 6. Bg2 Bb4+ 7. Bd2 a5 8. O-O
O-O 9. Bc3 d5 10. Bb2 Be7 11. Nc3 Na6 12. Ne5 c5 13. cxd5 exd5 14. Rc1 Re8 15.
e3 Nc7 16. f4 Ne4 17. Nxe4 dxe4 18. Qg4 Nd5 19. Qh5 g6 20. Qh3 Nxe3 21. Nxf7
Kxf7 22. Qxh7+ Kf8 23. f5 gxf5 24. dxc5 Bf6 25. Qh6+ Kf7 26. Bxf6 Qd2 27. Bh3
Nxf1 28. Qg7+ Ke6 29. Bxf5+ Kxf5 30. Rxf1+ Ke6 31. Qg4+ 1-0

[Event "2BLW 1920 SC Remagen Sinzig - TSV Schot"]
[Site "?"]
[Date "2019.11.24"]
[Round "3.4"]
[White "Mainka, Romuald"]
[Black "Cremer, Kevin"]
[Result "1-0"]
[WhiteElo "2390"]
[BlackElo "2280"]
[PlyCount "77"]
[EventDate "2019.??.??"]

1. e4 e6 2. d4 d5 3. Nd2 a6 4. Ngf3 c5 5. dxc5 Bxc5 6. Bd3 Nc6 7. O-O Nf6 8.
exd5 exd5 9. Re1+ Be6 10. Nb3 Bb6 11. Be3 O-O 12. h3 Bc7 13. c3 Re8 14. Qc2 h6
15. Rad1 Qc8 16. Nbd4 Bxh3 17. gxh3 Qxh3 18. Bf1 Qg4+ 19. Bg2 Ne4 20. Qb3 Qd7
21. Ne2 Ne5 22. Qxd5 Nxf3+ 23. Bxf3 Qh3 24. Bg2 Qh2+ 25. Kf1 Rad8 26. Qf5 Rxd1
27. Rxd1 g6 28. Qh3 Qe5 29. Qxh6 Qb5 30. c4 Qxc4 31. b3 Qb5 32. Bf3 Qf5 33. Kg2
Nf6 34. Rh1 Nh5 35. Nd4 Qe5 36. Bxh5 gxh5 37. Rxh5 Qe4+ 38. f3 Qg6+ 39. Rg5 1-0

[Event "2BLW 1920 SC Remagen Sinzig - TSV Schot"]
[Site "?"]
[Date "2019.11.24"]
[Round "3.5"]
[White "Goebel, Constantin"]
[Black "Geirnaert, Steven"]
[Result "1-0"]
[WhiteElo "2245"]
[BlackElo "2437"]
[PlyCount "71"]
[EventDate "2019.??.??"]

1. e4 e5 2. Nf3 Nc6 3. Bb5 a6 4. Ba4 Nf6 5. O-O Nxe4 6. d4 b5 7. Bb3 d5 8. dxe5
Be6 9. c3 Bc5 10. Nbd2 O-O 11. Bc2 Nxf2 12. Rxf2 f6 13. exf6 Bxf2+ 14. Kxf2
Qxf6 15. Kg1 Rae8 16. h3 Bxh3 17. Nf1 Bxg2 18. Kxg2 Ne5 19. N1h2 Kh8 20. Bg5
Qf7 21. Nxe5 Rxe5 22. Bh4 Re3 23. Ng4 Re6 24. Bg3 Qh5 25. Qd3 Kg8 26. Nf2 Rh6
27. Bxc7 Rhf6 28. Bg3 Rf3 29. Bd1 Rxd3 30. Bxh5 Rd2 31. Rb1 Rf5 32. Bg4 Rg5 33.
Kf3 Rg6 34. Bf5 Rf6 35. Ke3 Rxf2 36. Bxh7+ 1-0

[Event "2BLW 1920 SC Remagen Sinzig - TSV Schot"]
[Site "?"]
[Date "2019.11.24"]
[Round "3.6"]
[White "Polaczek, Richard"]
[Black "Gohil, Harry"]
[Result "1/2-1/2"]
[WhiteElo "2361"]
[BlackElo "2234"]
[PlyCount "160"]
[EventDate "2019.??.??"]

1. d4 Nf6 2. Nf3 g6 3. g3 Bg7 4. Bg2 O-O 5. O-O d6 6. Nc3 Nc6 7. d5 Ne5 8. Nxe5
dxe5 9. b3 Bf5 10. e4 Bg4 11. Qd3 Qc8 12. Ba3 Re8 13. f3 Bd7 14. Na4 e6 15. c4
b6 16. Bb2 Qa6 17. Nc3 exd5 18. exd5 Rad8 19. Rad1 Nh5 20. a4 f5 21. Rfe1 Qc8
22. Qc2 c5 23. Nb5 Qb8 24. Bc3 a6 25. Na3 a5 26. Qb2 Qd6 27. Rd2 Re7 28. Rde2
Rde8 29. Nb1 Kf8 30. Nd2 Bc8 31. Nf1 Kg8 32. Ne3 f4 33. Nf1 fxg3 34. hxg3 Bf6
35. Kh2 Bf5 36. Bh3 e4 37. fxe4 Rxe4 38. Rxe4 Rxe4 39. Rxe4 Bxe4 40. Be6+ Kg7
41. Bxf6+ Nxf6 42. Kh3 Bf5+ 43. Bxf5 gxf5 44. Ne3 Kg6 45. Ng2 Ne4 46. Nf4+ Kf7
47. Qh8 Qh6+ 48. Kg2 Nxg3 49. Qe5 Qh4 50. d6 Qg4 51. Qe7+ Kg8 52. Qe8+ Kg7 53.
Ne6+ Kf6 54. Qe7+ Ke5 55. Nc7+ Kd4 56. Qg7+ Qxg7 57. Ne6+ Ke5 58. Nxg7 Kxd6 59.
Kxg3 Ke5 60. Ne8 Kd4 61. Nd6 Kc3 62. Nc8 Kxb3 63. Nxb6 h5 64. Kf4 h4 65. Kf3
Kc3 66. Kf4 Kd4 67. Kf3 Kd3 68. Kf4 Ke2 69. Nd5 h3 70. Kg3 Kd3 71. Nb6 f4+ 72.
Kxh3 f3 73. Kg3 Ke2 74. Nd5 f2 75. Nf4+ Ke3 76. Nd5+ Kd4 77. Kxf2 Kxc4 78. Nb6+
Kb3 79. Ke2 c4 80. Nxc4 Kxc4 1/2-1/2

[Event "2BLW 1920 SC Remagen Sinzig - TSV Schot"]
[Site "?"]
[Date "2019.11.24"]
[Round "3.7"]
[White "Lisanti, Andre"]
[Black "Alienkin, Aleksander"]
[Result "0-1"]
[WhiteElo "2230"]
[BlackElo "2377"]
[PlyCount "87"]
[EventDate "2019.??.??"]

1. d4 Nf6 2. c4 e6 3. Nf3 Bb4+ 4. Bd2 a5 5. e3 d6 6. Bd3 Nbd7 7. Qc2 e5 8. O-O
Qe7 9. Bf5 Bxd2 10. Nbxd2 O-O 11. Rac1 g6 12. Bh3 Re8 13. c5 e4 14. cxd6 cxd6
15. Ne1 Nb6 16. Bxc8 Raxc8 17. Qd1 Rxc1 18. Qxc1 Rc8 19. Qd1 Qe6 20. f3 Nbd5
21. Nc2 Rxc2 22. Qxc2 Nxe3 23. d5 Nxc2 24. dxe6 e3 25. Rc1 exd2 26. exf7+ Kxf7
27. Rd1 Nb4 28. Rxd2 d5 29. b3 Nc6 30. Kf2 d4 31. Ke1 Nd5 32. g3 Ke6 33. Re2+
Ne3 34. Kd2 Kd5 35. a3 Ne5 36. f4 Nd7 37. b4 axb4 38. axb4 Ke4 39. Ke1 d3 40.
Ra2 Nb6 41. g4 Nbc4 42. f5 gxf5 43. gxf5 Kxf5 44. h4 0-1

[Event "2BLW 1920 SC Remagen Sinzig - TSV Schot"]
[Site "?"]
[Date "2019.11.24"]
[Round "3.8"]
[White "Huhndorf, Arnold"]
[Black "Siebenhaar, Erich"]
[Result "1-0"]
[WhiteElo "2215"]
[BlackElo "2025"]
[PlyCount "139"]
[EventDate "2019.??.??"]

1. d4 g6 2. c4 Bg7 3. Nc3 d6 4. e4 Nc6 5. d5 Nd4 6. Be3 c5 7. dxc6 Nxc6 8. Qd2
Be6 9. Nd5 Nf6 10. f3 O-O 11. Ne2 Ne5 12. Nec3 Rc8 13. b3 Bxd5 14. exd5 a6 15.
Rc1 e6 16. Be2 exd5 17. Nxd5 Nxd5 18. Qxd5 Qe7 19. Kf2 Rfe8 20. Qd2 Qf6 21. h3
h6 22. Rhe1 Kh7 23. Kg1 Nc6 24. Rcd1 Qc3 25. Bxh6 Qd4+ 26. Kh1 Bf6 27. Qf4 Qxf4
28. Bxf4 Bc3 29. Bd2 Bf6 30. Bd3 Bh4 31. Rxe8 Rxe8 32. Be4 Bg3 33. Be1 Be5 34.
g3 Nd8 35. Kg2 Kg7 36. b4 f5 37. Bd5 f4 38. g4 Nc6 39. b5 axb5 40. cxb5 Nd4 41.
Bxb7 Nc2 42. Rc1 Bd4 43. Rxc2 Rxe1 44. Bd5 Kf6 45. h4 Rg1+ 46. Kh2 Ke5 47. Be4
Rf1 48. Re2 d5 49. Bd3+ Kf6 50. g5+ Kf7 51. Re7+ Kxe7 52. Bxf1 Bb6 53. Bd3 Kf7
54. a4 Ba5 55. Kg2 Bb6 56. Kf1 Ba5 57. Ke2 Kg7 58. Bb1 Kf7 59. Kd3 Ke6 60. Ke2
Kf7 61. Kf2 Bb6+ 62. Kg2 Kg7 63. Kh3 Ba5 64. Kg4 Bc7 65. h5 gxh5+ 66. Kxh5 Ba5
67. Kg4 Bc7 68. Kf5 d4 69. Ke6 Bd8 70. g6 1-0

[Event "2BLW 1920 Bochumer SV 02 - DJK Aachen"]
[Site "?"]
[Date "2019.11.24"]
[Round "3.1"]
[White "Dambacher, Martijn"]
[Black "Zaitsev, Mikhail"]
[Result "1/2-1/2"]
[WhiteElo "2492"]
[BlackElo "2423"]
[PlyCount "68"]
[EventDate "2019.??.??"]

1. d4 d5 2. c4 dxc4 3. e4 c5 4. d5 e6 5. Nc3 exd5 6. Nxd5 Nf6 7. Bxc4 Be7 8.
Nxf6+ Bxf6 9. Qxd8+ Bxd8 10. Be3 Be7 11. Rc1 O-O 12. Ne2 a6 13. Nc3 Nd7 14. Nd5
Bd8 15. O-O b5 16. Be2 c4 17. b3 cxb3 18. axb3 Bb7 19. Rfd1 Nf6 20. f3 Nxd5 21.
exd5 f5 22. b4 Re8 23. Kf2 Bc8 24. f4 Bd7 25. Bf3 a5 26. d6 Rb8 27. Rc7 Be6 28.
bxa5 Bxc7 29. dxc7 Rbc8 30. Bb6 b4 31. Bc6 Re7 32. a6 Rexc7 33. Bxc7 Rxc7 34.
Bd5 Rc2+ 1/2-1/2

[Event "2BLW 1920 Bochumer SV 02 - DJK Aachen"]
[Site "?"]
[Date "2019.11.24"]
[Round "3.2"]
[White "Zatonskih, Anna"]
[Black "Dardha, Daniel"]
[Result "1/2-1/2"]
[WhiteElo "2413"]
[BlackElo "2436"]
[PlyCount "89"]
[EventDate "2019.??.??"]

1. d4 Nf6 2. Nf3 g6 3. g3 Bg7 4. Bg2 O-O 5. O-O c5 6. c3 d5 7. dxc5 a5 8. c4
Na6 9. Nc3 dxc4 10. c6 Nb4 11. Ne5 Nxc6 12. Qxd8 Rxd8 13. Nxc4 Be6 14. Nb6 Ra6
15. Nba4 Nd5 16. Nc5 Nxc3 17. bxc3 Rb6 18. Bf4 Rb2 19. Nxb7 Rxb7 20. Bxc6 Rb2
21. Rfd1 Rc8 22. Bd7 Bxd7 23. Rxd7 Rxe2 24. Be3 e6 25. Rb1 Bxc3 26. Rbb7 Rf8
27. Bc5 Rc8 28. Be3 Rf8 29. Rbc7 Ba1 30. a3 h5 31. Bc5 Be5 32. Ra7 Rc8 33. Be3
Bb8 34. Rxa5 Rec2 35. Rb5 Bc7 36. Rb7 Kf8 37. Bg5 Ke8 38. Re7+ Kf8 39. Rd7 Ke8
40. Rd3 Rc5 41. h4 Rc6 42. Kg2 e5 43. Ra7 f6 44. Be3 Ke7 45. Rb7 {(=)} 1/2-1/2

[Event "2BLW 1920 Bochumer SV 02 - DJK Aachen"]
[Site "?"]
[Date "2019.11.24"]
[Round "3.3"]
[White "Van Dooren, Dirk"]
[Black "Friedmann, Rafael"]
[Result "0-1"]
[WhiteElo "2339"]
[BlackElo "2447"]
[PlyCount "78"]
[EventDate "2019.??.??"]

1. e4 e6 2. d4 d5 3. exd5 exd5 4. Nf3 Bd6 5. c4 dxc4 6. Bxc4 Nf6 7. O-O O-O 8.
Nc3 Nc6 9. Bg5 h6 10. Bh4 Bg4 11. a3 Bh5 12. Qd3 Bxf3 13. Qxf3 Nxd4 14. Qxb7
Nf5 15. Bxf6 Qxf6 16. Qf3 Qh4 17. Bxf7+ Kh8 18. g3 Qf6 19. Bd5 Rab8 20. Rad1
Be5 21. Be4 Nd6 22. Qxf6 Bxf6 23. Bd5 Rb6 24. Rd2 Bxc3 25. bxc3 Re8 26. c4 Ne4
27. Rd3 Nf6 28. Bf3 Re5 29. Rc1 Rc5 30. Kg2 Kg8 31. Rcc3 Kf7 32. Re3 Re6 33.
Be2 Rce5 34. Rb3 Rxe3 35. fxe3 Re5 36. Bf3 Rc5 37. Rb7 a5 38. Ra7 Ke7 39. h4
Nd7 0-1

[Event "2BLW 1920 Bochumer SV 02 - DJK Aachen"]
[Site "?"]
[Date "2019.11.24"]
[Round "3.4"]
[White "Illner, Achim"]
[Black "Lenaerts, Lennert"]
[Result "1/2-1/2"]
[WhiteElo "2466"]
[BlackElo "2329"]
[PlyCount "47"]
[EventDate "2019.??.??"]

1. d4 d5 2. c4 c6 3. cxd5 cxd5 4. Nc3 Nf6 5. Nf3 Nc6 6. Bf4 Nh5 7. Bd2 Nf6 8.
Bf4 Nh5 9. Bd2 Nf6 10. e3 e6 11. Bd3 Bd6 12. O-O O-O 13. Rc1 e5 14. dxe5 Nxe5
15. Be2 a6 16. Qb3 b5 17. Nxd5 Be6 18. Nxf6+ Qxf6 19. Qc2 Rac8 20. Qb1 Bg4 21.
Rxc8 Rxc8 22. Rc1 Re8 23. Nxe5 Bxe2 24. Nd3 1/2-1/2

[Event "2BLW 1920 Bochumer SV 02 - DJK Aachen"]
[Site "?"]
[Date "2019.11.24"]
[Round "3.5"]
[White "Braga, Fernando"]
[Black "Jellinghaus, Lars"]
[Result "1-0"]
[WhiteElo "2405"]
[BlackElo "2238"]
[PlyCount "55"]
[EventDate "2019.??.??"]

1. c4 e6 2. g3 d5 3. Nf3 Nf6 4. Bg2 Be7 5. O-O O-O 6. d4 dxc4 7. Ne5 Nc6 8.
Bxc6 bxc6 9. Nxc6 Qe8 10. Nxe7+ Qxe7 11. Qc2 Ba6 12. Qa4 Qd6 13. Bf4 Qb6 14.
Nc3 Rab8 15. Rab1 Rfd8 16. b3 Nd5 17. bxc4 Nxc3 18. Rxb6 Nxa4 19. Rxa6 Rb4 20.
Bxc7 Rxd4 21. Rxa7 h5 22. e3 Rdxc4 23. Rd1 Nc5 24. Bd6 Rb2 25. Be5 Rb7 26. Rd8+
Kh7 27. Rxb7 Nxb7 28. Rd7 1-0

[Event "2BLW 1920 Bochumer SV 02 - DJK Aachen"]
[Site "?"]
[Date "2019.11.24"]
[Round "3.6"]
[White "Kiese, Matthias"]
[Black "Skulener, Wladimir"]
[Result "1/2-1/2"]
[WhiteElo "2195"]
[BlackElo "2375"]
[PlyCount "26"]
[EventDate "2019.??.??"]

1. d4 f5 2. g3 Nf6 3. Bg2 g6 4. Nf3 Bg7 5. O-O O-O 6. c4 d6 7. Nc3 Nc6 8. d5
Na5 9. Qa4 c5 10. dxc6 Nxc6 11. Rd1 Ne4 12. Nb5 Bd7 13. Qa3 Na5 1/2-1/2

[Event "2BLW 1920 Bochumer SV 02 - DJK Aachen"]
[Site "?"]
[Date "2019.11.24"]
[Round "3.7"]
[White "Dardha, Arben"]
[Black "Pewny, Uwe"]
[Result "0-1"]
[WhiteElo "2271"]
[BlackElo "2212"]
[PlyCount "132"]
[EventDate "2019.??.??"]

1. Nf3 d6 2. d4 g6 3. g3 Bg7 4. Bg2 Nf6 5. O-O O-O 6. Nc3 Nbd7 7. Bf4 c5 8. d5
b5 9. Nxb5 Qb6 10. a4 Ba6 11. c4 Rfb8 12. Ra3 Qd8 13. Qc2 Ne8 14. Rfa1 Nc7 15.
R1a2 Bc8 16. Nxc7 Qxc7 17. Bg5 Nf6 18. e4 Rb7 19. Bd2 Rab8 20. Bc3 Ne8 21. Nd2
Qd8 22. Bxg7 Nxg7 23. Re3 e5 24. b3 f5 25. Ra1 Qf6 26. Rae1 f4 27. gxf4 Qxf4
28. Bh3 Nh5 29. Bxc8 Rxc8 30. Qd1 Rf8 31. f3 Qg5+ 32. Kh1 Qh4 33. Rg1 Nf4 34.
Qe1 Qh6 35. Rg4 Rbf7 36. Nf1 Nh5 37. Qe2 Rf4 38. Qg2 Nf6 39. Rxf4 exf4 40. Rc3
Qh5 41. Nd2 Re8 42. Rc1 a5 43. Nb1 Rb8 44. Rc3 Qh4 45. Qd2 Nd7 46. Kg1 Ne5 47.
Qf2 Qh3 48. Qg2 Qh4 49. Qf2 Qh3 50. Qf1 Qh4 51. Na3 Rf8 52. Qf2 Qh3 53. Nb5 Rf6
54. Na7 g5 55. Nc6 g4 56. Nxe5 dxe5 57. Qg2 Qh4 58. Qxg4+ Rg6 59. Qxg6+ hxg6
60. Rc1 Qh3 61. Rc3 g5 62. d6 Kf7 63. Rd3 Ke8 64. Rd5 g4 65. Rxe5+ Kd7 66. Rg5
g3 0-1

[Event "2BLW 1920 Bochumer SV 02 - DJK Aachen"]
[Site "?"]
[Date "2019.11.24"]
[Round "3.8"]
[White "Ganzer, Uwe"]
[Black "Marcziter, Dmitrii"]
[Result "1/2-1/2"]
[WhiteElo "2213"]
[BlackElo "2238"]
[PlyCount "56"]
[EventDate "2019.??.??"]

1. Nf3 d5 2. d4 c5 3. c4 e6 4. cxd5 exd5 5. Nc3 Nc6 6. g3 Nf6 7. Bg2 Be7 8. O-O
O-O 9. Bg5 cxd4 10. Nxd4 h6 11. Be3 Bg4 12. h3 Be6 13. Rc1 Qd7 14. Kh2 Ne5 15.
b3 Bb4 16. Rc2 Qe7 17. Qc1 Ba3 18. Qd2 Bb4 19. Qc1 Rad8 20. Nxe6 Qxe6 21. Bxa7
d4 22. Na4 b5 23. Bc5 bxa4 24. Bxb4 axb3 25. axb3 d3 26. exd3 Nxd3 27. Qa3 Nxb4
28. Qxb4 Rb8 1/2-1/2

[Event "2BLW 1920 SG Porz - SV Koblenz"]
[Site "?"]
[Date "2019.11.24"]
[Round "3.1"]
[White "Feller, Sebastien"]
[Black "Lutz, Christopher"]
[Result "1/2-1/2"]
[WhiteElo "2576"]
[BlackElo "2537"]
[PlyCount "61"]
[EventDate "2019.??.??"]

1. Nf3 Nf6 2. c4 c5 3. Nc3 e6 4. g3 b6 5. Bg2 Bb7 6. O-O Be7 7. d4 cxd4 8. Qxd4
d6 9. Bg5 a6 10. Bxf6 Bxf6 11. Qf4 O-O 12. Rfd1 Be7 13. Ne4 Bxe4 14. Qxe4 Ra7
15. a4 Rc7 16. b3 Nc6 17. Ne1 Nb4 18. Qe3 Qb8 19. Qd2 a5 20. Nd3 Nxd3 21. Qxd3
Rc5 22. Ra2 Qc7 23. Rad2 Rd8 24. Qf3 Rf5 25. Qc6 Qxc6 26. Bxc6 Rc5 27. Bg2 g5
28. e3 Kg7 29. g4 h5 30. gxh5 Kh6 31. h3 {(=)} 1/2-1/2

[Event "2BLW 1920 SG Porz - SV Koblenz"]
[Site "?"]
[Date "2019.11.24"]
[Round "3.2"]
[White "Rotstein, Arkadij"]
[Black "Balog, Imre"]
[Result "0-1"]
[WhiteElo "2465"]
[BlackElo "2550"]
[PlyCount "48"]
[EventDate "2019.??.??"]

1. Nf3 Nf6 2. d4 d5 3. c4 c6 4. e3 Bg4 5. cxd5 cxd5 6. Qb3 Bxf3 7. gxf3 Qd7 8.
Bd2 Nc6 9. Nc3 e6 10. Na4 Bd6 11. Rc1 O-O 12. Bb5 Rac8 13. Nc5 Qe7 14. Ke2 Bxc5
15. Rxc5 e5 16. Bxc6 bxc6 17. Rhc1 e4 18. Rxc6 exf3+ 19. Kd1 Rb8 20. Qa3 Qd7
21. b3 Ne4 22. Be1 Qh3 23. Qxa7 Ra8 24. Qb7 Nxf2+ 0-1

[Event "2BLW 1920 SG Porz - SV Koblenz"]
[Site "?"]
[Date "2019.11.24"]
[Round "3.3"]
[White "Schenderowitsch, Michael"]
[Black "Xu, Xianliang"]
[Result "0-1"]
[WhiteElo "2340"]
[BlackElo "2430"]
[PlyCount "106"]
[EventDate "2019.??.??"]

1. d4 d5 2. c4 Nc6 3. cxd5 Qxd5 4. e3 e5 5. Nc3 Bb4 6. Bd2 Bxc3 7. Bxc3 exd4 8.
Ne2 Bg4 9. f3 O-O-O 10. Nxd4 Be6 11. Qa4 Nge7 12. Nxe6 Qxe6 13. Qe4 Qxe4 14.
fxe4 f6 15. Bc4 Rhe8 16. Bf7 Rf8 17. Be6+ Kb8 18. Ke2 Nc8 19. Rad1 Nd6 20. Bd5
Ne5 21. Bb4 Rfe8 22. Rd2 Ndc4 23. Bxc4 Rxd2+ 24. Bxd2 Nxc4 25. Bc3 Rxe4 26. Kd3
Nd6 27. Rf1 c5 28. b3 b5 29. Rf3 Kb7 30. Be1 Kc6 31. Bg3 c4+ 32. bxc4 Rxc4 33.
Bxd6 Kxd6 34. Rg3 g5 35. Rf3 Ke5 36. Rf2 a6 37. Rb2 Ra4 38. Rd2 h5 39. Ke2 Ke4
40. Kf2 a5 41. Rb2 b4 42. Rd2 Ra3 43. Rd4+ Ke5 44. Rd2 a4 45. Ke2 b3 46. axb3
axb3 47. Rd8 Ra2+ 48. Kf3 b2 49. Rb8 Kd5 50. h4 gxh4 51. Rb7 Kc4 52. Kf4 Ra4
53. Rxb2 Kc3+ 0-1

[Event "2BLW 1920 SG Porz - SV Koblenz"]
[Site "?"]
[Date "2019.11.24"]
[Round "3.4"]
[White "Suvorov, Alexander"]
[Black "Fritsche, Lutz"]
[Result "0-1"]
[WhiteElo "2290"]
[BlackElo "2312"]
[PlyCount "114"]
[EventDate "2019.??.??"]

1. d4 e6 2. c4 f5 3. g3 Nf6 4. Bg2 c6 5. Nh3 d6 6. Nc3 Be7 7. e4 fxe4 8. Nxe4
d5 9. Nc3 dxc4 10. O-O O-O 11. Re1 Na6 12. Nf4 Nc7 13. Ne4 Nb5 14. Be3 Nd5 15.
a4 Nxf4 16. gxf4 Nd6 17. Qc2 Bd7 18. a5 Be8 19. Nxd6 Bxd6 20. Qxc4 Bf7 21. Qc3
a6 22. Qd2 Qf6 23. Ra4 Bg6 24. b3 Rae8 25. Qe2 Qd8 26. Qd2 Qc7 27. h3 Bf5 28.
Rc4 Rf6 29. d5 exd5 30. Bxd5+ Kh8 31. Bg2 Qe7 32. Kf1 Re6 33. Rd4 Bc5 34. Rd7
Qh4 35. Qc3 Rg6 36. Rf7 Bxh3 37. Qxc5 Bxg2+ 38. Ke2 Qd8 39. f5 Rf6 40. Rxf6
Qxf6 41. Rd1 Qb2+ 42. Rd2 Qxb3 43. Rd7 Qb2+ 44. Rd2 Qb1 45. Rd4 Bd5 46. f6 gxf6
47. Qd6 Qb5+ 48. Kd1 Qb1+ 49. Ke2 Qc2+ 50. Ke1 Qc1+ 51. Ke2 Bc4+ 52. Kf3 Qh1+
53. Kf4 Qh2+ 54. Kf5 Qh3+ 55. Kf4 Qh4+ 56. Kf3 Bd5+ 57. Ke2 Qxd4 0-1

[Event "2BLW 1920 SG Porz - SV Koblenz"]
[Site "?"]
[Date "2019.11.24"]
[Round "3.5"]
[White "Hammes, Michael"]
[Black "Braun, Christian"]
[Result "1/2-1/2"]
[WhiteElo "2348"]
[BlackElo "2395"]
[PlyCount "68"]
[EventDate "2019.??.??"]

1. d4 Nf6 2. c4 g6 3. Nc3 d5 4. Nf3 Bg7 5. e3 O-O 6. b4 a5 7. b5 c5 8. bxc6
Nxc6 9. Be2 dxc4 10. O-O e5 11. Nxe5 Nxe5 12. dxe5 Qxd1 13. Rxd1 Ng4 14. f4 Be6
15. h3 Nh6 16. e4 Rfd8 17. Rb1 f5 18. Rb6 Bf7 19. Nd5 fxe4 20. Bxc4 Rac8 21.
Bb3 Rxd5 22. Bxd5 Bxd5 23. Rxd5 Rxc1+ 24. Kf2 Nf5 25. Rd8+ Bf8 26. Rf6 e3+ 27.
Ke2 Rc2+ 28. Ke1 Rc1+ 29. Ke2 Ng3+ 30. Kxe3 Rc3+ 31. Kd4 Ne2+ 32. Ke4 Ng3+ 33.
Kd4 Ne2+ 34. Ke4 Ng3+ 1/2-1/2

[Event "2BLW 1920 SG Porz - SV Koblenz"]
[Site "?"]
[Date "2019.11.24"]
[Round "3.6"]
[White "Korotkjevich, Stanislav"]
[Black "Stewart, Neil"]
[Result "1/2-1/2"]
[WhiteElo "2377"]
[BlackElo "2222"]
[PlyCount "161"]
[EventDate "2019.??.??"]

1. d4 d5 2. Nf3 c6 3. Bf4 Qb6 4. Qc1 Nf6 5. e3 Bf5 6. Nbd2 e6 7. Nh4 Bg6 8.
Nxg6 hxg6 9. h3 c5 10. c3 Bd6 11. dxc5 Qxc5 12. Nb3 Qc7 13. Bxd6 Qxd6 14. Bb5+
Nc6 15. Qc2 Rc8 16. Rd1 Qe5 17. Nd4 Qg5 18. g3 Ne4 19. Qe2 O-O 20. h4 Qf6 21.
Bd3 Nd6 22. Bb1 Nxd4 23. Rxd4 Rc4 24. h5 b5 25. hxg6 fxg6 26. Rf4 Rxf4 27. gxf4
Rb8 28. a3 a5 29. Qg4 Kf7 30. Rg1 Nf5 31. Bxf5 Qxf5 32. Qxf5+ gxf5 33. Kd2 Rh8
34. Kd3 Rh2 35. Ke2 a4 36. b3 axb3 37. Rb1 Rh8 38. Rxb3 Ra8 39. Kd3 Ra4 40. Kc2
Ke7 41. Kb2 Ra5 42. Ka2 Kd6 43. Rb1 e5 44. fxe5+ Kxe5 45. Rg1 Kf6 46. f4 g6 47.
Rd1 Ke6 48. Kb3 Ra6 49. Rh1 Kd6 50. Rh8 Kc5 51. Rc8+ Rc6 52. Re8 Ra6 53. Re7
Rc6 54. Re8 Ra6 55. Kb2 Rc6 56. Kc2 Ra6 57. Rc8+ Rc6 58. Ra8 Re6 59. Kd3 Rc6
60. a4 bxa4 61. Rxa4 Kd6 62. Kd4 Ke6 63. Ra8 Rc4+ 64. Kd3 Rc6 65. Ra5 Kd6 66.
Rb5 Rc5 67. Rb8 Rc6 68. Kc2 Kc5 69. Rd8 Re6 70. Kd3 Rc6 71. Rd7 Rf6 72. Ra7 Rc6
73. Ra5+ Kd6 74. Kc2 Rc5 75. Ra8 Rc6 76. Kb3 Rb6+ 77. Kc2 Rc6 78. Re8 Kc5 79.
Re5 Kd6 80. Kd3 Rc8 81. Kd4 1/2-1/2